Statistiques concernant 5 pays les plus médaillés par jeux olympiques d'hiver

Cliquez ici pour prendre le quiz!

Statistiques générales

  • Ce quiz a été pris 165 fois
  • Le résultat moyen est 109 sur 121

Statistiques - réponses

Jeux OlympiquesPaysNombre Médailles% Correct
France5
100%
France9
100%
France7
100%
France1
100%
États Unis37
98%
États Unis12
98%
États Unis8
98%
États Unis10
98%
États Unis11
98%
États Unis13
98%
États Unis13
98%
États Unis11
98%
États Unis8
98%
États Unis9
98%
États Unis34
98%
États Unis25
98%
États Unis10
98%
États Unis23
98%
États Unis25
98%
États Unis4
98%
États Unis28
98%
Lake Placid 1932États Unis12
98%
États Unis6
98%
Norvège23
97%
Norvège7
97%
Grenoble 1968Norvège14
97%
Norvège15
97%
Saint Moritz 1928Norvège15
97%
Norvège6
97%
Norvège20
97%
Pékin 2022Norvège37
97%
Garmish Partenkirchen 1936Norvège15
97%
Norvège26
97%
Norvège25
97%
Oslo 1952Norvège16
97%
Saint Moritz 1948Norvège10
97%
Norvège26
97%
Norvège10
97%
Salt Lake City 2002Norvège25
97%
PyeongChang 2018Norvège39
97%
Chamonix 1924Norvège17
97%
Lillehammer 1994Russie23
97%
Russie13
97%
Russie18
97%
Sotchi 2014Russie30
97%
Russie22
97%
Chine15
96%
Suède6
96%
Suède8
96%
Suède4
96%
Suède18
96%
Suède10
96%
Suède5
96%
Suède3
96%
Suède7
96%
Suède10
96%
Suède7
96%
Canada7
95%
Canada15
95%
Canada24
95%
Canada29
95%
Canada1
95%
Canada25
95%
Vancouver 2010Canada26
95%
Canada17
95%
Finlande6
93%
Finlande13
93%
Finlande3
93%
Finlande10
93%
Finlande7
93%
Finlande11
93%
Finlande4
93%
Finlande7
93%
Finlande9
93%
Nagano 1998Allemagne29
92%
Allemagne7
92%
Allemagne36
92%
Allemagne30
92%
Albertville 1992Allemagne26
92%
Turin 2006Allemagne29
92%
Allemagne6
92%
Allemagne31
92%
Allemagne26
92%
Allemagne24
92%
Allemagne de l'Ouest10
92%
Italie4
92%
Italie20
92%
Suisse3
90%
Suisse6
90%
Suisse3
90%
Suisse10
90%
Suisse10
90%
Suisse15
90%
Équipe Unifiée d'Allemagne8
87%
Autriche12
83%
Autriche11
83%
Autriche23
83%
Autriche11
83%
Autriche7
83%
Autriche21
83%
Autriche8
83%
Autriche3
83%
Équipe Unifiée23
74%
Innsbruck 1976Union Soviétique27
74%
Union Soviétique13
74%
Lake Placid 1980Union Soviétique22
74%
Sapporo 1972Union Soviétique16
74%
Innsbruck 1964Union Soviétique25
74%
Union Soviétique25
74%
Calgary 1988Union Soviétique29
74%
Squaw Valley 1960Union Soviétique21
74%
Cortina d'Ampezzo 1956Union Soviétique16
74%
Corée du Sud14
73%
Pays Bas24
72%
Pays Bas20
72%
Pays Bas9
72%
Allemagne de l'Est23
57%
Allemagne de l'Est14
57%
Allemagne de l'Est19
57%
Allemagne de l'Est25
57%
Sarajevo 1984Allemagne de l'Est24
57%

Distribution des résultats

Percentile par nombre de réponses

% des personnes avec chaque résultat

Votre développement - résultats

Vous n’avez pas pris ce quiz